[Event "Berbenno Province-ch"]
[Site "Berbenno"]
[Date "2008.01.??"]
[Round "3"]
[White "Rinaldi, Amos"]
[Black "Battilani, Cristian"]
[Result "0-1"]
[WhiteElo "1539"]
[BlackElo "1594"]
[PlyCount "70"]
[EventDate "2008.01.25"]
[EventType "swiss"]
[EventRounds "3"]
[EventCountry "ITA"]
[SourceTitle "EXT 2011"]
[Source "ChessBase"]
[SourceDate "2010.11.26"]
[SourceVersion "1"]
[SourceVersionDate "2010.11.26"]
[SourceQuality "1"]

1. d4 Nf6 2. Bg5 d6 3. Bxf6 exf6 4. e3 g6 5. c4 Bg7 6. Nc3 0-0 7. h4 Nd7 8. h5 f5 9. Nf3 Nf6 10. hxg6 fxg6 11. Ng5 h6 12. Nf3 Qe7 13. Qd2 c5 14. 0-0-0 a6 15. Nh4 Kh7 16. d5 Bd7 17. Bd3 b5 18. b3 bxc4 19. bxc4 Ng4 20. e4 Bxc3 21. Qxc3 Nxf2 22. exf5 Qg5+ 23. Kc2 Nxd1 24. fxg6+ Kg8 25. Kxd1 Bg4+ 26. Kc2 Rf2+ 27. Kb3 Rb8+ 28. Ka3 Rbb2 29. Qxb2 Rxb2 30. Kxb2 Qd2+ 31. Bc2 Qb4+ 32. Bb3 Be2 33. Nf5 Qd2+ 34. Bc2 Bd3 35. Nxh6+ Kg7 0-1